00995nx a2200241 45 001002000000005001700020003003200037010002100069100002900090101000800119102000700127152001100134200003400145300024800179400005900427400005400486400005600540801002300596810000900619810000800628830008100636999003600717IT\ICCU\BVEV\10909420240126090421.6http://id.sbn.it/bid/BVEV109094 a0000000121429509 a20030919aitaa50 ba0 afro aFR aREICAT 0aPhilippe IVc  a1268-1314 // Detto il Bello. Figlio di Filippo III e di Isabella d'Aragona. Re di Francia dal 1285. Nel 1309 fece trasferire la sede del Papato ad Avignone. Altra lingua: latino. Nato a Fontainebleau nel 1268, morto a Fontainebleau 29.11.1314. 03IT\ICCU\SBNV\088458aPhilippec  03IT\ICCU\SBNV\088459aFilippo IVc  03IT\ICCU\SBNV\088460aPhilippus IVc  3aITbICCUc20260601 aEION aBNF a#Sito visto 04.03.2022: https://it.wikipedia.org/wiki/Filippo_IV_di_Francia# 1cnm 002CNM 009CNMN\0000169308